000 00883nam a2200277 4500
001 4145720
003 ARRUPE
005 20141003135247.0
008 691009s1968 enk b 000 0 eng
010 _a 77417763
015 _aB68-22224
020 _a0281022712
040 _aDLC
_cDLC
_dDLC
050 0 0 _aBV600.2
_b.C45
082 0 0 _a262/.001
245 0 0 _aChurch without walls: essays on the role of the parish in contemporary society,
_cedited by Barnabas Lindars.
260 _aLondon,
_bSociety for Promoting Christian Knowledge,
_c1968.
300 _axiii, 144 p.
_c19 cm.
350 _a12/6
500 _a"The Pallion centenary book."
504 _aBibliographical footnotes.
650 0 _aChurch renewal
_xAnglican Church.
_912053
700 1 _aLindars, Barnabas,
_eed.
_912054
906 _a7
_bcbc
_corignew
_du
_encip
_f19
_gy-gencatlg
942 _2lcc
_cMONOGRAPH
999 _c121079
_d121079